| 000 | 01290cam a2200193 4500500 | ||
|---|---|---|---|
| 005 | 20260322001844.0 | ||
| 041 | _afre | ||
| 042 | _adc | ||
| 100 | 1 | 0 |
_aDisnan, Giulia _eauthor |
| 700 | 1 | 0 |
_aCrétolle, Célia _eauthor |
| 700 | 1 | 0 |
_aSarnacki, Sabine _eauthor |
| 700 | 1 | 0 |
_aGueniche, Karinne _eauthor |
| 245 | 0 | 0 | _aSobre los menores que sufren de incontinencia fecal de origen malformativo y sus modalidades relacionales con sus familias |
| 260 | _c2025. | ||
| 500 | _a35 | ||
| 520 | _aLos aspectos psíquicos de la incontinencia fecal de origen malformativo han sido muy poco estudiados científicamente, tanto en adultos como en niños. La experiencia singular del cuerpo inducida por estas afecciones y por sus tratamientos médico-quirúrgicos puede tener un impacto importante en las relaciones familiares. Este artículo propone un análisis de esta clínica, haciendo hincapié en las modalidades relacionales que desarrollan estos niños con sus padres. Las preguntas planteadas se están explorando actualmente en el marco de una investigación doctoral en curso. | ||
| 786 | 0 | _nLa psychiatrie de l'enfant | 68 | 2 | 2025-10-03 | p. 319-331 | 0079-726X | |
| 856 | 4 | 1 | _uhttps://shs.cairn.info/revista-la-psychiatrie-de-lenfant-2025-2-page-319?lang=es&redirect-ssocas=7080 |
| 999 |
_c1718448 _d1718448 |
||